书目信息 |
| 题名: |
再生资源导论
|
|
| 作者: | 林春香 , 刘明华 主编 | |
| 分册: | ||
| 出版信息: | 北京 化学工业出版社 2013.3 |
|
| 页数: | 247页 | |
| 开本: | 26cm | |
| 丛书名: | 再生资源科学与工程技术丛书 | |
| 单 册: | ||
| 中图分类: | F062.1 | |
| 科图分类: | ||
| 主题词: | 再生资源--资源利用--研究 | |
| 电子资源: | ||
| ISBN: | 978-7-122-15090-5 | |
| 000 | 00965oam2 2200277 45 | |
| 001 | 1359703906 | |
| 005 | 20130529083715.92 | |
| 010 | @a978-7-122-15090-5@dCNY48.00 | |
| 100 | @a20130513d2013 em y0chiy0121 ea | |
| 101 | 0 | @achi |
| 102 | @aCN@b110000 | |
| 105 | @aak a 000yy | |
| 106 | @ar | |
| 200 | 1 | @a再生资源导论@AZai Sheng Zi Yuan Dao Lun@f刘明华, 林春香主编@FLiu Ming Hua , Lin Chun Xiang Zhu Bian |
| 210 | @a北京@c化学工业出版社@d2013.3 | |
| 215 | @a247页@c图@d26cm | |
| 225 | 2 | @a再生资源科学与工程技术丛书 |
| 320 | @a有书目 | |
| 330 | @a全书共分为6章, 内容主要包括金属材料的再生利用、无机材料的再生利用、有机合成材料的再生利用、生物质材料的再生利用、生物质能利用技术。 | |
| 461 | 0 | @12001 @a再生资源科学与工程技术丛书 |
| 606 | 0 | @a再生资源@x资源利用@x研究 |
| 690 | @aF062.1@v5 | |
| 701 | 0 | @a林春香@ALin Chun Xiang@4主编 |
| 701 | 0 | @a刘明华@ALiu Ming Hua@4主编 |
| 801 | @aCN@bTANGWEI@c20130522 | |
| 905 | @b0833378-82@dF062.1@e107@f4 | |
| 再生资源导论/刘明华, 林春香主编.-北京:化学工业出版社,2013.3 |
| 247页:图;26cm.-(再生资源科学与工程技术丛书) |
| ISBN 978-7-122-15090-5:CNY48.00 |
| 全书共分为6章, 内容主要包括金属材料的再生利用、无机材料的再生利用、有机合成材料的再生利用、生物质材料的再生利用、生物质能利用技术。 |
| ● |
| 相关链接 |
|
|
|
|
正题名:再生资源导论
索取号:F062.1/107
 
预约/预借
| 序号 | 登录号 | 条形码 | 馆藏地/架位号 | 状态 | 备注 |
| 1 | 0833378 | 208333784 | 第一样本阅览室/ [索取号:F062.1/107] | 在馆 | |
| 2 | 0833379 | 208333793 | 第一借阅区/ [索取号:F062.1/107] | 在馆 | |
| 3 | 0833380 | 208333800 | 第一借阅区/ [索取号:F062.1/107] | 在馆 | |
| 4 | 0833381 | 208333819 | 第一借阅区/ [索取号:F062.1/107] | 在馆 |